000 01078cam a2200301 4500
999 _c9295
_d9295
001 9295
003 BD-JhCC
005 20180319083542.0
008 720223r1972 nyu b 001 0 eng
020 _a083692827X
035 _a(BD-JhCC)9295
040 _aDLC
_cDLC
_dDLC
_dBD-JhCC
041 _aeng
050 1 0 _aPG3022
_b.S5 1972
082 0 0 _a891.7/09/0044
_bSIM 1972
100 1 _aSimmons, Ernest J.
_q(Ernest Joseph),
_d1903-1972,
245 1 0 _aThrough the glass of Soviet literature :
_bviews of Russian society /
_cedited with an introd. by Ernest J. Simmons.
260 _aFreeport, N.Y.,
_bBooks for Libraries Press
_c[1972, c1953]
300 _a301 p.
_c24 cm.
490 0 _aEssay index reprint series
500 _aOriginal ed. issued in series: Studies of the Russian Institute, Columbia University.
504 _aIncludes bibliographical references.
650 0 _aRussian literature
_y20th century
_xHistory and criticism.
651 0 _aSoviet Union
_xIntellectual life.
830 0 _aStudies of the Russian Institute.
942 _2ddc
_cBK